000 00426nam a22001697a 4500
999 _c478570
_d478570
003 NUST
005 20180605043216.0
008 180605b ||||| |||| 00| 0 eng d
020 _a9798181476455
038 _aSNS Library
082 _a621.36 MEN 2004
100 _aNaftaly Menn
_910950
245 _aPractical Optics
_cNaftaly Menn
260 _aIndia
_bElsevier
_c2004
300 _axii, 321 p.
_bPb.
942 _2ddc
_cBK